| 000 | 01041nam0a22002651 4500 | ||
|---|---|---|---|
| 001 | rc\2815795 | ||
| 005 | 20250806211221.0 | ||
| 035 | _a(NLR Aleph) 006941538 | ||
| 090 |
_a39200 _c39200 |
||
| 100 | _a20110915d1945 u y0rusy50 ca | ||
| 101 | 0 | _arus | |
| 102 | _aRU | ||
| 105 | _aa j ||||| | ||
| 200 | 1 |
_aПрямолинейная тригонометрия _eУчебник для 9-го и 10-го классов сред. школы _eУтв. НКП РСФСР _fН. Рыбкин |
|
| 205 | _a23-е изд. | ||
| 210 |
_aМосква _cУчпедгиз _d1945 _eЛенинград _gтип. им. Горького |
||
| 215 |
_a104 с. _cил., черт. _d20 см. |
||
| 700 | 1 |
_aРыбкин _bН. А. _cпедагог-математик _f1861-1919 _gНиколай Александрович _3RU\NLR\AUTH\770245654 |
|
| 801 | 0 |
_aRU _bNLR _gpsbo |
|
| 801 | 1 |
_aRU _bELAR _2rusmarc |
|
| 852 |
_aNLR _jМт10 Г-3/51 |
||
| 942 | _cBOOK | ||
| 945 | _aРоссийская национальная библиотека | ||
| 980 | _aNB | ||
| 980 | _aBV | ||